Govt. of
Madhya Pradesh

Omens and Superstitions of Southern India (Record no. 63532)

MARC details
000 -LEADER
fixed length control field 00264nam a22001097a 4500
082 ## - DEWEY DECIMAL CLASSIFICATION NUMBER
Classification number 900
100 ## - MAIN ENTRY--AUTHOR NAME
Personal name Thurston Edgar
245 ## - TITLE STATEMENT
Title Omens and Superstitions of Southern India
260 ## - PUBLICATION, DISTRIBUTION, ETC. (IMPRINT)
Place of publication Delhi
Name of publisher Shilpy Pra
Year of publication 2019
650 ## - SUBJECT ADDED ENTRY--TOPICAL TERM
Topical Term History
942 ## - ADDED ENTRY ELEMENTS (KOHA)
Koha item type Books
Holdings
Withdrawn status Lost status Damaged status Not for loan Home library Current library Date acquired Cost, normal purchase price Full call number Accession Number Price effective from Koha item type
        MACL MACL 06/10/2020 995.00 900 CRE037487 06/10/2020 Books